000 00750cab a2200265 4500
001 ABS45653
008 090401t1991 xxu||||| |||| 00| 0 eng d
035 _a(Sirsi) u54269
041 _aeng
100 _aMartin, D.
245 _aOver-rented property
260 _c1991
350 _a0
490 _aEstates Gazette
_v(9148) 7 December 1991, 52-53(2)
520 _aSuggests techniques, notably discounted cash-flow analysis, for valuing over-rented property.
650 _aOVER-RENTED PROPERTY
650 _aRENTAL GROWTH
650 _aTOP-SLICING
650 _aVALUATION METHODS
650 _aYIELDS
690 _aPROPERTY-PROPERTY FINANCE AND INVESTMENT
690 _aRATING AND VALUATION
942 _n0
948 _c04/03/1997
999 _c33262
_d33262